<?xml version="1.0" encoding="UTF-8"?><?xml-stylesheet type="text/xsl" href="static/style.xsl"?><OAI-PMH xmlns="http://www.openarchives.org/OAI/2.0/" xmlns:xsi="http://www.w3.org/2001/XMLSchema-instance" xsi:schemaLocation="http://www.openarchives.org/OAI/2.0/ http://www.openarchives.org/OAI/2.0/OAI-PMH.xsd"><responseDate>2026-04-14T02:46:35Z</responseDate><request verb="GetRecord" identifier="oai:www.recercat.cat:11351/11967" metadataPrefix="marc">https://recercat.cat/oai/request</request><GetRecord><record><header><identifier>oai:recercat.cat:11351/11967</identifier><datestamp>2024-10-31T15:17:33Z</datestamp><setSpec>com_2072_378070</setSpec><setSpec>com_2072_378040</setSpec><setSpec>col_2072_378092</setSpec></header><metadata><record xmlns="http://www.loc.gov/MARC21/slim" xmlns:dcterms="http://purl.org/dc/terms/" xmlns:xsi="http://www.w3.org/2001/XMLSchema-instance" xmlns:doc="http://www.lyncode.com/xoai" xsi:schemaLocation="http://www.loc.gov/MARC21/slim http://www.loc.gov/standards/marcxml/schema/MARC21slim.xsd">
   <leader>00925njm 22002777a 4500</leader>
   <datafield ind2=" " ind1=" " tag="042">
      <subfield code="a">dc</subfield>
   </datafield>
   <datafield ind2=" " ind1=" " tag="720">
      <subfield code="a">Ventura Expósito, Laia</subfield>
      <subfield code="e">author</subfield>
   </datafield>
   <datafield ind2=" " ind1=" " tag="720">
      <subfield code="a">Arreciado Marañón, Antonia</subfield>
      <subfield code="e">author</subfield>
   </datafield>
   <datafield ind2=" " ind1=" " tag="720">
      <subfield code="a">Gomà Tous, Mireia</subfield>
      <subfield code="e">author</subfield>
   </datafield>
   <datafield ind2=" " ind1=" " tag="720">
      <subfield code="a">Ferrerons Sánchez, Mercè</subfield>
      <subfield code="e">author</subfield>
   </datafield>
   <datafield ind2=" " ind1=" " tag="720">
      <subfield code="a">Zuriguel-Pérez, Esperanza</subfield>
      <subfield code="e">author</subfield>
   </datafield>
   <datafield ind2=" " ind1=" " tag="260">
      <subfield code="c">2024-09-26T09:53:43Z</subfield>
   </datafield>
   <datafield ind2=" " ind1=" " tag="260">
      <subfield code="c">2024-09-26T09:53:43Z</subfield>
   </datafield>
   <datafield ind2=" " ind1=" " tag="260">
      <subfield code="c">2024-02-07</subfield>
   </datafield>
   <datafield ind2=" " ind1=" " tag="520">
      <subfield code="a">Procedimientos invasivos; Niño hospitalizado; Enfermería</subfield>
   </datafield>
   <datafield ind2=" " ind1=" " tag="520">
      <subfield code="a">Invasive procedures; Hospitalised child; Nursing</subfield>
   </datafield>
   <datafield ind2=" " ind1=" " tag="520">
      <subfield code="a">Procediments invasius; Nen hospitalitzat; Infermeria</subfield>
   </datafield>
   <datafield ind2=" " ind1=" " tag="520">
      <subfield code="a">Aims and Objectives&#xd;
(I) To identify the opinion and practices of nursing professionals regarding the presence of family members during invasive procedures in hospitalised children; (II) to determine the knowledge of nursing professionals about the patient-and family-centred care model.&#xd;
Background&#xd;
Family presence in invasive procedures benefits the patient and their relatives, but varied attitudes exist among healthcare personnel, with some being favourable and others unfavourable toward family presence.&#xd;
Design&#xd;
Observational, descriptive, cross-sectional study.&#xd;
Methods&#xd;
Study population: Nurses from paediatric critical care services, emergency services, hospital wards, day hospitals and outpatient clinics at a Catalan tertiary hospital who participated voluntarily between September 2021 and July 2022. Data collection instrument: A questionnaire prepared by the researchers, based on the literature and reviewed by experts. REDCap link with access to the questionnaire was sent out to potential respondents through the institutional email. Bivariate analysis was performed with the R 4.2 program. The study was approved by the hospital's Clinical Research Committee and participants gave informed consent before responding to the questionnaire.&#xd;
Results&#xd;
A total of 172 nurses participated, and 155 valid responses were obtained. All respondents consider the family as a key element in paediatric care and report inviting family members to participate in the care given to their child. However, 12.0% of nurses do not invite the family to be present in invasive procedures. Almost all respondents note the need for training to acquire communication skills and improve the management of emotions.&#xd;
Conclusions&#xd;
The results show a favourable opinion towards the presence of family members and highlight the need to train nurses to develop communication skills.&#xd;
Relevance to clinical practice&#xd;
The data provided can favour the design of measures to improve and promote the presence of parents during invasive procedures, reinforcing the patient-and family-centred care model and improving the quality of care provided. One example is the creation of family care protocols where the inclusion of parents and the roles of each individual involved in the care process appears.</subfield>
   </datafield>
   <datafield ind2=" " ind1=" " tag="520">
      <subfield code="a">This study had been funded by I Edición de los Premios Nacionales de Investigación e Innovación en Enfermería, organised by Consejo General de Enfermería, through his Instituto Español de Investigación Enfermera.</subfield>
   </datafield>
   <datafield ind1="8" ind2=" " tag="024">
      <subfield code="a">http://hdl.handle.net/11351/11967</subfield>
   </datafield>
   <datafield tag="653" ind2=" " ind1=" ">
      <subfield code="a">Infants</subfield>
   </datafield>
   <datafield tag="653" ind2=" " ind1=" ">
      <subfield code="a">Infermeres</subfield>
   </datafield>
   <datafield tag="653" ind2=" " ind1=" ">
      <subfield code="a">Família</subfield>
   </datafield>
   <datafield tag="653" ind2=" " ind1=" ">
      <subfield code="a">Enquestes</subfield>
   </datafield>
   <datafield tag="653" ind2=" " ind1=" ">
      <subfield code="a">HEALTH CARE::Health Care Quality, Access, and Evaluation::Delivery of Health Care::Attitude of Health Personnel::Nurse's Role</subfield>
   </datafield>
   <datafield tag="653" ind2=" " ind1=" ">
      <subfield code="a">PUBLIC HEALTH::Population Studies in Public Health::Family</subfield>
   </datafield>
   <datafield tag="653" ind2=" " ind1=" ">
      <subfield code="a">NAMED GROUPS::Persons::Age Groups::Child</subfield>
   </datafield>
   <datafield tag="653" ind2=" " ind1=" ">
      <subfield code="a">ANALYTICAL, DIAGNOSTIC AND THERAPEUTIC TECHNIQUES, AND EQUIPMENT::Investigative Techniques::Epidemiologic Methods::Data Collection::Surveys and Questionnaires</subfield>
   </datafield>
   <datafield tag="653" ind2=" " ind1=" ">
      <subfield code="a">ATENCIÓN DE SALUD::calidad, acceso y evaluación de la atención sanitaria::prestación sanitaria::actitud del personal sanitario::papel de la enfermera</subfield>
   </datafield>
   <datafield tag="653" ind2=" " ind1=" ">
      <subfield code="a">SALUD PÚBLICA::Estudios Poblacionales en Salud Pública::familia</subfield>
   </datafield>
   <datafield tag="653" ind2=" " ind1=" ">
      <subfield code="a">DENOMINACIONES DE GRUPOS::personas::Grupos de Edad::niño</subfield>
   </datafield>
   <datafield tag="653" ind2=" " ind1=" ">
      <subfield code="a">TÉCNICAS Y EQUIPOS ANALÍTICOS, DIAGNÓSTICOS Y TERAPÉUTICOS::técnicas de investigación::métodos epidemiológicos::recopilación de datos::encuestas y cuestionarios</subfield>
   </datafield>
   <datafield ind2="0" ind1="0" tag="245">
      <subfield code="a">Nurses' views on the presence of family members during invasive procedures in hospitalised children: A questionnaire survey</subfield>
   </datafield>
</record></metadata></record></GetRecord></OAI-PMH>